|
|
|
|
| LEADER |
00000ckm a2200000 a 4500 |
| 001 |
vtls001232551 |
| 003 |
SK-MaSNL |
| 005 |
20260331203647.0 |
| 007 |
kf co |
| 008 |
130621s1987 xo g 0kuslo |
| 015 |
|
|
|a SNBG1987
|
| 035 |
|
|
|a SNK000179559
|
| 040 |
|
|
|a SNK
|b slo
|c SNK
|e AACR2
|
| 041 |
0 |
|
|a slo
|
| 043 |
|
|
|a e-xo---
|
| 044 |
|
|
|a xo
|c SK
|
| 072 |
|
7 |
|a 913
|x Regionálna geografia
|2 konspekt
|
| 080 |
|
|
|a 913(437.6)
|2 2011
|
| 080 |
|
|
|a 730
|2 2011
|
| 080 |
|
|
|a 725.1:615.838
|2 2011
|
| 080 |
|
|
|a 725.1:613.47-026.912
|2 2011
|
| 080 |
|
|
|a 712.253
|2 2011
|
| 080 |
|
|
|a 711.455:615.838
|2 2011
|
| 080 |
|
|
|a (084.121)
|2 2011
|
| 080 |
|
|
|a 913.437.656(084.121)
|2 1981
|
| 080 |
|
|
|a 725.948
|2 2011
|
| 100 |
1 |
|
|a Slivka, Dušan,
|d 1944-
|4 pht
|9 249825
|
| 245 |
1 |
0 |
|a Kúpele Dudince
|h grafika
|c foto: D. Slivka, L. Zlatohlávek ; výtvarný návrh: M. Menclová
|
| 246 |
1 |
|
|i Názov na obrazovej časti:
|a Dudince
|
| 260 |
|
|
|a Bratislava
|b ČSTK-Pressfoto
|c 1987
|e Skalica
|f Grafobal
|
| 300 |
|
|
|a 1 pohľadnica (5 čiastkových pohľadov)
|b farebná
|c 11 x 15 cm
|
| 520 |
8 |
|
|a Zobrazenie: Päť čiastkových pohľadov oddelených bielymi líniami. Uprostred je bielym písmom na hnedom podklade názov. Pohľad na liečebný dom Rubín, v popredí sú na rozsiahlej trávnatej ploche vľavo aj vpravo ihličnaté stromy, vpravo sú za nimi aj listnaté stromy. Pohľad na liečebný dom v pozadí, v popredí je kvetinový záhon, okolo neho vidno chodník a v pozadí menšie trávnaté plochy. Pohľad na liečebný dom Červená hviezda, pred ním sú zaparkované dve autá. Pohľad zhora na veľký bazén plný ľudí, vpravo sú na terase budovy kúpliska ďalší ľudia. V pozadí sú husté listnaté stromy. Pohľad na liečebný dom Smaragd, pred ním je vľavo biela socha, pred ňou je fontána. Vľavo vidno časť koruny vysokého ihličnatého stromu
|
| 650 |
0 |
7 |
|a kúpele
|2 SNKPH
|9 1139
|
| 650 |
0 |
7 |
|a kúpeľné budovy
|2 SNKPH
|9 102104
|
| 650 |
0 |
7 |
|a sochy
|2 SNKPH
|9 29846
|
| 650 |
0 |
7 |
|a fontány
|2 SNKPH
|9 3014
|
| 650 |
0 |
7 |
|a bazény
|2 SNKPH
|9 30214
|
| 650 |
0 |
7 |
|a kúpaliská
|2 SNKPH
|9 4394
|
| 650 |
0 |
7 |
|a parky
|2 SNKPH
|9 2942
|
| 651 |
|
7 |
|a Dudince (Slovensko)
|2 SNKPHgeo
|9 28951
|
| 655 |
|
7 |
|a miestne pohľadnice
|2 SNKPH
|9 70510
|
| 700 |
1 |
|
|a Zlatohlávek, L.
|c (fotograf)
|4 pht
|9 283314
|
| 700 |
1 |
|
|a Menclová, Milica
|c (grafička)
|4 art
|9 283289
|
| 958 |
|
|
|a GBN
|
| 958 |
|
|
|a GC
|
| 958 |
|
|
|a OND
|
| 999 |
|
|
|c 539317
|d 541247
|
| 952 |
|
|
|a SNK
|b SNK
|y PREZ
|7 0
|p 17A1281889
|o snkSP 137482
|i snk383/87
|0 0
|1 0
|4 0
|d 2021-06-11
|f 1
|l 0
|r 2026-02-23 12:35:55
|w 2026-02-23
|
| 952 |
|
|
|a SNK
|b SNK
|y PREZ
|7 0
|p 17A1281872
|o snkSP 137482 D1
|i snk384/87
|0 0
|1 0
|4 0
|d 2021-06-11
|l 0
|r 2026-02-23 12:35:55
|w 2026-02-23
|